Rosa Luxemburg (Record no. 105460)

MARC details
000 -LEADER
campo de control de longitud fija 00801nam a2200241 i 4500
001 - NÚMERO DE CONTROL
campo de control 105460
003 - IDENTIFICADOR DE NÚMERO DE CONTROL
campo de control ES-MaACL
005 - FECHA Y HORA DE LA ÚLTIMA TRANSACCIÓN
campo de control 20251111131012.0
007 - CAMPO FIJO DE DESCRIPCIÓN FÍSICA--INFORMACIÓN GENERAL
campo de control de longitud fija t|
008 - DATOS DE LONGITUD FIJA--INFORMACIÓN GENERAL
campo de control de longitud fija 060717s1965 fr ||||1| fre d
080 ## - NÚMERO DE LA CLASIFICACIÓN DECIMAL UNIVERSAL
Número de la Clasificación Decimal Universal 929 Luxemburg, Rosa
100 1# - ENTRADA PRINCIPAL--NOMBRE DE PERSONA
Nombre de persona Frölich, Paul.
9 (RLIN) 52719
245 10 - MENCIÓN DEL TÍTULO
Título Rosa Luxemburg
Resto del título : sa vie et son oeuvre /
Mención de responsabilidad, etc. Paul Frölich ; traduit de l'allemand par Jacqueline Bois.
260 ## - PUBLICACIÓN, DISTRIBUCIÓN, ETC.
Lugar de publicación, distribución, etc. Paris :
Nombre del editor, distribuidor, etc. François Maspero,
Fecha de publicación, distribución, etc. 1965.
300 ## - DESCRIPCIÓN FÍSICA
Extensión 390 p. ;
Dimensiones 22 cm.
490 1# - MENCIÓN DE SERIE
Mención de serie Bibliothèque socialiste ;
Designación de volumen o secuencia 8
500 ## - NOTA GENERAL
Nota general Biblioteca Juan Andrade.
600 14 - PUNTO DE ACCESO ADICIONAL DE MATERIA--NOMBRE DE PERSONA
Nombre de persona Luxemburg, Rosa,
Fechas asociadas al nombre 1870-1919
9 (RLIN) 74894
700 1# - ENTRADA AGREGADA--NOMBRE PERSONAL
Nombre de persona Bois, Jacqueline.
9 (RLIN) 29855
830 0# - PUNTO DE ACCESO ADICIONAL DE SERIE-TÍTULO UNIFORME
Título uniforme Bibliothèque socialiste ;
Designación de volumen o secuencia 8
9 (RLIN) 185029
852 ## - LOCALIZACIÓN
Ubicación ES-MaACL
Número de control de estantería AND-260
Sublocalización o colección R.109580
Holdings
Estatus retirado Estado de pérdida Estado de daño No para préstamo Biblioteca de origen Biblioteca actual Ubicación en estantería Fecha de adquisición Fuente de adquisición Total de préstamos Signatura topográfica completa Código de barras Visto por última vez Precio de reemplazo Tipo de ítem Koha
        Biblioteca del Ateneo de Madrid Biblioteca del Ateneo de Madrid Depósito 2 17/01/2008     AND-260 1110105 23/02/2023 23/02/2023 Libro impreso